Biblioteca

The beginnings of Christianity (Registro nro. 46318)

Detalles MARC
000 -LÍDER
Campo fijo de descripción fija 01374aam a2200313 i 4500
001 - NÚMERO DE CONTROL
Campo de control 768714001
003 - IDENTIFICADOR DEL NÚMERO DE CONTROL
Campo de control CO-MdFUSB
005 - FECHA Y HORA DE LA ULTIMA TRANSACCIÓN
control field 20210311144327.0
007 - CAMPO FIJO DE DESCRIPCIÓN FIJA--INFORMACIÓN GENERAL
Campo fijo de descripción fija ta
008 - ELEMENTOS DE LONGITUD FIJA -- INFORMACIÓN GENERAL
Campo fijo de descripción fija -- Información general 200523t1920 enka|||| |||| 00| 0 eng d
020 ## - NÚMERO INTERNACIONAL NORMALIZADO PARA LIBROS
Número Internacional Normalizado del libro [No incluye ISBN]
040 ## - FUENTE DE CATALOGACIÓN
Idioma de catalogación spa.
Agencia de catalogación original CO-MdFUSB
Agencia que realiza la transcripción CO-MdFUSB
Agencia que realiza la modificación CO-MdFUSBC
Convenciones de la descripción rda
041 ## - CÓDIGO DE IDIOMA
Código de idioma para texto/pista de sonido o título separado eng
082 ## - NÚMERO DE CLASIFICACIÓN DECIMAL DEWEY
Número de la edición del Dewey 23
Número de clasificación 226.607
Clave de autor-Numero de item B417
245 14 - TÍTULO
Título del Material The beginnings of Christianity
Mención de responsabilidad, etc. / editado por F. J. Foakes Jackson , Kirsopp Lake
264 #1 - PRODUCCIÓN, PUBLICACIÓN, DISTRIBUCIÓN, MANUFACTURA, Y COPYRIGHT
Lugar de producción, publicación, distribución, manufactura Londres :
Nombre del productor, publicador, distribuidor Macmillan Publishing,
Fecha de producción, publicación, distribución, manufactura, o copyright [1920]
264 #4 - PRODUCCIÓN, PUBLICACIÓN, DISTRIBUCIÓN, MANUFACTURA, Y COPYRIGHT
Fecha de producción, publicación, distribución, manufactura, o copyright © 1920
300 ## - DESCRIPCIÓN FÍSICA
Extensión 5 volúmenes
Dimensiones ; 2 cm
336 ## - TIPO DE CONTENIDO
Término de tipo de contenido texto
Código de tipo de contenido txt
Fuente rdacontent
337 ## - TIPO DE MEDIO
Fuente rdamedia
Nombre del tipo de medio sin mediación
Código del tipo de medio n
338 ## - TIPO DE SOPORTE
Fuente rdacarrier
Nombre del tipo de soporte volumen
Código Tipo de soporte nc
505 ## - NOTA DE CONTENIDO
Nota de contenido con formato preestablecido Volumen 1: The acts of the apostles - El mundo judío - El mundo gentile - El cristianismo primitivo \ Volumen 2: The composition and purpose of Acts - La identidad del editor de Lucas y Hechos - La historia de la crítica \ Volumen 3:The text of Acts- Las fuentes de conocimiento del texto - La crítica y la historia del texto - Texto y notas \ Volumen 4: Acts of the Apostles: Traducción inglesa y comentario \ Volumen 5:Essays on various aspects of Acts
563 ## - NOTA DE ENCUADERNACIÓN
Nota de encuadernación Pasta dura
630 #7 - TITULO UNIFORME
Título uniforme Biblia.
Nombre de parte o sección de la obra Hechos
Subdivisión de materia general Crítica, interpretación, etc.
700 ## - ASIENTO SECUNDARIO - NOMBRE PERSONAL
9 (RLIN) 3912
Nombre personal Lake, Kirsopp,
Responsabilidad editor
942 ## - TIPO DE MATERIAL (KOHA)
Tipo de Item KOHA Libros General
945 ## - INFORMACIÓN LOCAL DEL REGISTRO
Catalogador JTF-925
Existencias
Estado de Material Estado de Perdido Forma de Clasificación Volumen-Parte/Tomo Estado de Dañado No para Préstamo Colección Tomo Biblioteca de Origen Biblioteca Permanente Fecha de Adquisición Área Total de Préstamos Signatura Topográfica Código de Barras Última vez visto Ejemplar/Existencia Fecha de Remplazo Tipo de Material
    Dewey Decimal Classification 1     Colección General   Biblioteca FUSBC Biblioteca FUSBC 23/05/2020 BIBLIA   G 226.607 B417b 20958 12/12/2019 Vol.1, ej.1 26/01/2016 Libros General
    Dewey Decimal Classification 5     Colección General   Biblioteca FUSBC Biblioteca FUSBC 23/05/2020 BIBLIA   G 226.607 B417b 20962 12/12/2019 Vol.5, ej.1 26/01/2016 Libros General
    Dewey Decimal Classification 4     Colección General   Biblioteca FUSBC Biblioteca FUSBC 23/05/2020 BIBLIA   G 226.607 B417b 20961 12/12/2019 Vol.4,ej.1 26/01/2016 Libros General
    Dewey Decimal Classification 3     Colección General   Biblioteca FUSBC Biblioteca FUSBC 23/05/2020 BIBLIA   G 226.607 B417b 20960 12/12/2019 Vol.3, ej.1 26/01/2016 Libros General
    Dewey Decimal Classification 2     Colección General   Biblioteca FUSBC Biblioteca FUSBC 23/05/2020 BIBLIA   G 226.607 B417b 20959 12/12/2019 Vol.2,ej.1 26/01/2016 Libros General

Biblioteca FUSBC | Teléfono: (57+4) 349 88 10 Ext. 141| WhatsApp (+57) 3005338115 
E-mail: biblioteca@unisbc.edu.co | Calle 76 87-14 Robledo Palenque, Medellín, Colombia

Con tecnología Koha